[Event "Helsinki Chess Festival - U20"]
[Site "chess24.com"]
[Date "2019.08.14"]
[Round "1"]
[White "Apol, Luitjen Akselsson"]
[Black "Askerov, Marat"]
[Result "0-1"]
[Board "1"]
[WhiteFideId "7202466"]
[WhiteElo "2059"]
[WhiteCountry "FAI"]
[WhiteEloChange "-4"]
[BlackFideId "24175200"]
[BlackTitle "FM"]
[BlackElo "2327"]
[BlackCountry "RUS"]
[BlackEloChange "4"]

1. e4 {[%clk 1:30:30]} c6 {[%clk 1:30:30]} 2. d4 {[%clk 1:31:00]} d5 {[%clk
1:31:00]} 3. Nc3 {[%clk 1:31:30]} dxe4 {[%clk 1:31:30]} 4. Nxe4 {[%clk 1:32:00]}
Bf5 {[%clk 1:32:00]} 5. Ng3 {[%clk 1:32:30]} Bg6 {[%clk 1:32:30]} 6. h4 {[%clk
1:33:00]} h6 {[%clk 1:33:00]} 7. Nf3 {[%clk 1:33:30]} Nd7 {[%clk 1:33:30]} 8. h5
{[%clk 1:34:00]} Bh7 {[%clk 1:34:00]} 9. Bd3 {[%clk 1:34:30]} Bxd3 {[%clk
1:34:30]} 10. Qxd3 {[%clk 1:35:00]} e6 {[%clk 1:35:00]} 11. Bd2 {[%clk 1:35:30]}
Ngf6 {[%clk 1:35:30]} 12. O-O-O {[%clk 1:36:00]} Be7 {[%clk 1:36:00]} 13. Qe2
{[%clk 1:36:30]} O-O {[%clk 1:36:30]} 14. Nf1 {[%clk 1:37:00]} c5 {[%clk
1:37:00]} 15. g4 {[%clk 1:37:30]} cxd4 {[%clk 1:37:30]} 16. g5 {[%clk 1:38:00]}
hxg5 {[%clk 1:38:00]} 17. Bxg5 {[%clk 1:38:30]} Nh7 {[%clk 1:38:30]} 18. Bxe7
{[%clk 1:39:00]} Qxe7 {[%clk 1:39:00]} 19. Nxd4 {[%clk 1:39:30]} Rad8 {[%clk
1:39:30]} 20. Rg1 {[%clk 1:40:00]} Qf6 {[%clk 1:40:00]} 21. Ne3 {[%clk 1:40:30]}
Qh6 {[%clk 1:40:30]} 22. Kb1 {[%clk 1:41:00]} Ndf6 {[%clk 1:41:00]} 23. Rh1
{[%clk 1:41:30]} Rd7 {[%clk 1:41:30]} 24. c3 {[%clk 1:42:00]} Rfd8 {[%clk
1:42:00]} 25. Rdg1 {[%clk 1:42:30]} a6 {[%clk 1:42:30]} 26. Nc4 {[%clk 1:43:00]}
Rd5 {[%clk 1:33:46]} 27. Ne5 {[%clk 1:43:30]} Nf8 {[%clk 1:34:16]} 28. Ka1 {[%clk
1:44:00]} Qf4 {[%clk 1:34:46]} 29. Nd3 {[%clk 1:44:30]} Qe4 {[%clk 1:35:16]} 30.
Qxe4 {[%clk 1:45:00]} Nxe4 {[%clk 1:35:46]} 31. f4 Kh7 {[%clk 1:36:16]} 32. Ne5
Nd6 {[%clk 1:36:46]} 33. a3 Nd7 {[%clk 1:37:16]} 34. Nef3 e5 {[%clk 1:37:46]} 35.
fxe5 Nxe5 {[%clk 1:38:16]} 36. Ng5+ Kh6 {[%clk 1:38:46]} 37. Ka2 Nc6 {[%clk
1:39:16]} 38. Nxc6 bxc6 {[%clk 1:39:46]} 39. Nf3 Re8 {[%clk 1:40:16]} 40. Kb3
Rb5+ {[%clk 1:40:46]} 41. Kc2 Re2+ {[%clk 1:41:16]} 42. Kc1 Rbxb2 {[%clk
1:41:46]} 43. Nd4 Rf2 {[%clk 1:42:16]} 44. Nxc6 Rfc2+ {[%clk 1:42:46]} 45. Kd1
Ne4 {[%clk 1:43:16]} 46. Rg6+ fxg6 {[%clk 1:43:46]} 47. hxg6+ Kxg6 {[%clk
1:44:16]} 48. Rg1+ Kh7 {[%clk 1:44:46]} 0-1

[Event "Helsinki Chess Festival - U20"]
[Site "chess24.com"]
[Date "2019.08.14"]
[Round "1"]
[White "Ingebretsen, Jens E"]
[Black "Semjonovs, Ilja"]
[Result "0-1"]
[Board "2"]
[WhiteFideId "1522965"]
[WhiteTitle "FM"]
[WhiteElo "2277"]
[WhiteCountry "NOR"]
[WhiteEloChange "-7"]
[BlackFideId "11604263"]
[BlackTitle "FM"]
[BlackElo "2370"]
[BlackCountry "LAT"]
[BlackEloChange "7"]

1. c4 {[%clk 1:30:30]} e5 {[%clk 1:30:30]} 2. Nc3 {[%clk 1:31:00]} Nf6 {[%clk
1:31:00]} 3. Nf3 {[%clk 1:31:30]} Nc6 {[%clk 1:31:30]} 4. e3 {[%clk 1:32:00]} Bb4
{[%clk 1:32:00]} 5. Qc2 {[%clk 1:32:30]} Bxc3 {[%clk 1:32:30]} 6. Qxc3 {[%clk
1:33:00]} d6 {[%clk 1:33:00]} 7. b4 {[%clk 1:33:30]} Qe7 {[%clk 1:33:30]} 8. b5
{[%clk 1:34:00]} Nb8 {[%clk 1:34:00]} 9. Be2 {[%clk 1:34:30]} O-O {[%clk
1:34:30]} 10. O-O {[%clk 1:35:00]} Bg4 {[%clk 1:35:00]} 11. d3 {[%clk 1:35:30]}
Nbd7 {[%clk 1:35:30]} 12. h3 {[%clk 1:36:00]} Bh5 {[%clk 1:36:00]} 13. Bb2 {[%clk
1:36:30]} a6 {[%clk 1:36:30]} 14. a4 {[%clk 1:37:00]} b6 {[%clk 1:37:00]} 15.
Rfe1 {[%clk 1:37:30]} axb5 {[%clk 1:37:30]} 16. axb5 {[%clk 1:38:00]} Nc5 {[%clk
1:38:00]} 17. d4 {[%clk 1:38:30]} Na4 {[%clk 1:38:30]} 18. Qb4 {[%clk 1:39:00]}
Nxb2 {[%clk 1:39:00]} 19. Qxb2 {[%clk 1:39:30]} Bxf3 {[%clk 1:39:30]} 20. Bxf3
{[%clk 1:40:00]} e4 {[%clk 1:40:00]} 21. Be2 {[%clk 1:40:30]} h6 {[%clk 1:40:30]}
22. Qb4 {[%clk 1:41:00]} Nd7 {[%clk 1:41:00]} 23. Bf1 {[%clk 1:41:30]} f5 {[%clk
1:41:30]} 24. g3 {[%clk 1:42:00]} g5 {[%clk 1:42:00]} 25. Rxa8 {[%clk 1:42:30]}
Rxa8 {[%clk 1:42:30]} 26. c5 {[%clk 1:43:00]} dxc5 {[%clk 1:43:00]} 27. Qb3+
{[%clk 1:43:30]} Kg7 {[%clk 1:43:30]} 28. Qd5 {[%clk 1:44:00]} Rf8 {[%clk
1:44:00]} 29. Bc4 {[%clk 1:44:30]} Nf6 {[%clk 1:44:30]} 30. Qe6 {[%clk 1:45:00]}
Qxe6 {[%clk 1:45:00]} 31. Bxe6 {[%clk 1:45:30]} cxd4 {[%clk 1:45:30]} 32. exd4
{[%clk 1:46:00]} f4 33. Rc1 {[%clk 1:46:30]} Ne8 34. Bd7 {[%clk 1:47:00]} Nd6 35.
gxf4 {[%clk 1:47:30]} gxf4 36. Kf1 {[%clk 1:48:00]} Rf7 37. Bc6 {[%clk 1:48:30]}
Re7 38. Ke1 {[%clk 1:49:00]} Nf5 39. Rd1 {[%clk 1:49:30]} Kf6 40. Rd2 {[%clk
1:50:00]} e3 41. Rd1 {[%clk 1:50:30]} exf2+ 42. Kxf2 {[%clk 1:51:00]} Re3 43. Bd7
{[%clk 1:51:30]} Nd6 44. Bc6 {[%clk 1:52:00]} Rxh3 45. Ra1 {[%clk 1:52:30]} Rb3
46. Ra7 {[%clk 1:53:00]} Nxb5 47. Bxb5 {[%clk 1:53:30]} Rxb5 48. Rxc7 {[%clk
1:54:00]} Kf5 49. Re7 {[%clk 1:54:30]} h5 50. Kf3 {[%clk 1:55:00]} Rb3+ 51. Kf2
{[%clk 1:55:30]} b5 52. Re8 {[%clk 1:56:00]} h4 53. Kg2 {[%clk 1:56:30]} b4 54.
d5 {[%clk 1:57:00]} Rd3 55. Rb8 {[%clk 1:57:30]} b3 56. d6 {[%clk 1:58:00]} Ke6
57. Kf2 {[%clk 1:58:30]} h3 58. Rb6 {[%clk 1:59:00]} Kd7 59. Rb8 {[%clk 1:59:30]}
Rd1 0-1

[Event "Helsinki Chess Festival - U20"]
[Site "chess24.com"]
[Date "2019.08.14"]
[Round "1"]
[White "Juksta, Karolis"]
[Black "Keinanen, Toivo"]
[Result "0-1"]
[Board "3"]
[WhiteFideId "12809039"]
[WhiteElo "2259"]
[WhiteCountry "LTU"]
[WhiteEloChange "-6"]
[BlackFideId "509825"]
[BlackTitle "FM"]
[BlackElo "2389"]
[BlackCountry "FIN"]
[BlackEloChange "6"]

1. d4 {[%clk 1:30:30]} d5 {[%clk 1:30:30]} 2. c4 {[%clk 1:31:00]} e6 {[%clk
1:31:00]} 3. Nc3 {[%clk 1:31:30]} Be7 {[%clk 1:31:30]} 4. cxd5 {[%clk 1:32:00]}
exd5 {[%clk 1:32:00]} 5. Bf4 {[%clk 1:32:30]} c6 {[%clk 1:32:30]} 6. e3 {[%clk
1:33:00]} Bf5 {[%clk 1:33:00]} 7. g4 {[%clk 1:33:30]} Be6 {[%clk 1:33:30]} 8. h3
{[%clk 1:34:00]} Nd7 {[%clk 1:34:00]} 9. Bd3 {[%clk 1:34:30]} g5 {[%clk 1:34:30]}
10. Bh2 {[%clk 1:35:00]} h5 {[%clk 1:35:00]} 11. f3 {[%clk 1:35:30]} Nb6 {[%clk
1:35:30]} 12. Qc2 {[%clk 1:36:00]} Bd6 {[%clk 1:36:00]} 13. O-O-O {[%clk
1:36:30]} Nf6 {[%clk 1:36:30]} 14. Bxd6 {[%clk 1:37:00]} Qxd6 {[%clk 1:37:00]}
15. Nge2 {[%clk 1:37:30]} O-O-O {[%clk 1:37:30]} 16. Kb1 {[%clk 1:38:00]} Kb8
{[%clk 1:38:00]} 17. Qd2 {[%clk 1:38:30]} Qe7 {[%clk 1:38:30]} 18. Ng3 {[%clk
1:39:00]} Rde8 {[%clk 1:39:00]} 19. Rde1 {[%clk 1:39:30]} Qc7 {[%clk 1:39:30]}
20. Qf2 {[%clk 1:40:00]} Bc8 {[%clk 1:40:00]} 21. h4 {[%clk 1:40:30]} gxh4 {[%clk
1:40:30]} 22. Nxh5 {[%clk 1:41:00]} Nxh5 {[%clk 1:41:00]} 23. gxh5 {[%clk
1:41:30]} h3 {[%clk 1:41:30]} 24. Qh4 {[%clk 1:42:00]} Rh6 {[%clk 1:42:00]} 25.
Rhg1 {[%clk 1:42:30]} Reh8 {[%clk 1:42:30]} 26. Rg5 {[%clk 1:43:00]} f6 {[%clk
1:43:00]} 27. Rg6 {[%clk 1:43:30]} Rxh5 {[%clk 1:43:30]} 28. Qxf6 {[%clk
1:44:00]} Nc4 {[%clk 1:44:00]} 29. e4 {[%clk 1:44:30]} Qb6 {[%clk 1:44:30]} 30.
Bxc4 {[%clk 1:45:00]} dxc4 {[%clk 1:45:00]} 31. Rh1 {[%clk 1:45:30]} h2 {[%clk
1:45:30]} 32. Ne2 {[%clk 1:46:00]} Qa5 {[%clk 1:46:00]} 33. Rg2 {[%clk 1:46:30]}
Rh3 {[%clk 1:46:30]} 34. Qf4+ {[%clk 1:47:00]} Qc7 {[%clk 1:47:00]} 35. Qxc7+
{[%clk 1:47:30]} Kxc7 {[%clk 1:47:30]} 36. Kc2 {[%clk 1:48:00]} b5 {[%clk
1:48:00]} 37. b3 {[%clk 1:48:30]} cxb3+ {[%clk 1:48:30]} 38. axb3 {[%clk
1:49:00]} a5 {[%clk 1:49:00]} 39. Nc3 {[%clk 1:49:30]} R8h7 {[%clk 1:49:30]} 40.
Rf2 {[%clk 1:50:00]} Be6 {[%clk 1:50:00]} 41. Nb1 {[%clk 1:50:30]} Rd7 {[%clk
1:50:30]} 42. Rhxh2 {[%clk 1:51:00]} Rxh2 {[%clk 1:51:00]} 43. Rxh2 {[%clk
1:51:30]} Rxd4 {[%clk 1:51:30]} 44. Nd2 {[%clk 1:52:00]} a4 {[%clk 1:52:00]} 45.
bxa4 {[%clk 1:52:30]} bxa4 {[%clk 1:52:30]} 46. Kc3 {[%clk 1:53:00]} Rd8 {[%clk
1:53:00]} 47. Rh7+ {[%clk 1:53:30]} Kb6 {[%clk 1:53:30]} 48. Rh1 {[%clk 1:54:00]}
a3 {[%clk 1:54:00]} 49. Ra1 {[%clk 1:54:30]} a2 {[%clk 1:54:30]} 50. Nb3 {[%clk
1:55:00]} Rf8 {[%clk 1:55:00]} 51. Nd4 {[%clk 1:55:30]} Bg8 {[%clk 1:55:30]} 52.
Nf5 {[%clk 1:56:00]} Kc5 {[%clk 1:56:00]} 53. Rc1 {[%clk 1:56:30]} Rb8 {[%clk
1:56:30]} 54. Kc2 {[%clk 1:57:00]} Bc4 {[%clk 1:57:00]} 55. Ne3 {[%clk 1:57:30]}
Rb1 {[%clk 1:57:30]} 0-1

[Event "Helsinki Chess Festival - U20"]
[Site "chess24.com"]
[Date "2019.08.14"]
[Round "1"]
[White "Wartiovaara, Oliver"]
[Black "Timoshin, Andrei"]
[Result "1/2-1/2"]
[Board "4"]
[WhiteElo "2166"]
[WhiteCountry "FIN"]
[WhiteFideId "513024"]
[BlackFideId "4503503"]
[BlackElo "2154"]
[BlackCountry "EST"]

1. Nf3 {[%clk 1:30:30]} d5 {[%clk 1:30:30]} 2. g3 {[%clk 1:31:00]} g6 {[%clk
1:31:00]} 3. Bg2 {[%clk 1:31:30]} Bg7 {[%clk 1:31:30]} 4. d4 {[%clk 1:32:00]} Nf6
{[%clk 1:32:00]} 5. c4 {[%clk 1:32:30]} c6 {[%clk 1:32:30]} 6. b3 {[%clk
1:33:00]} Ne4 {[%clk 1:33:00]} 7. Bb2 {[%clk 1:33:30]} Nd7 {[%clk 1:33:30]} 8.
O-O {[%clk 1:34:00]} O-O {[%clk 1:34:00]} 9. Ne5 {[%clk 1:34:30]} Nxe5 {[%clk
1:34:30]} 10. dxe5 {[%clk 1:35:00]} Qa5 {[%clk 1:35:00]} 11. a3 {[%clk 1:35:30]}
Rd8 {[%clk 1:35:30]} 12. Qc1 {[%clk 1:36:00]} h6 {[%clk 1:36:00]} 13. b4 {[%clk
1:36:30]} Qa6 {[%clk 1:36:30]} 14. Rd1 {[%clk 1:37:00]} Bf5 {[%clk 1:37:00]} 15.
g4 {[%clk 1:37:30]} Bxg4 {[%clk 1:37:30]} 16. f3 {[%clk 1:38:00]} dxc4 {[%clk
1:38:00]} 17. fxe4 {[%clk 1:38:30]} Qb6+ {[%clk 1:38:30]} 18. Kf1 {[%clk
1:39:00]} Rxd1+ {[%clk 1:39:00]} 19. Qxd1 {[%clk 1:39:30]} Rd8 {[%clk 1:39:30]}
20. Qc1 {[%clk 1:40:00]} Qb5 {[%clk 1:40:00]} 21. Nc3 {[%clk 1:40:30]} Qxe5
{[%clk 1:40:30]} 22. h3 {[%clk 1:41:00]} Bh5 {[%clk 1:41:00]} 23. Qe3 {[%clk
1:41:30]} Qf6+ {[%clk 1:41:30]} 24. Kg1 {[%clk 1:42:00]} Qh4 25. Na4 {[%clk
1:42:30]} e5 26. Bc3 {[%clk 1:43:00]} b6 27. Nb2 {[%clk 1:43:30]} b5 28. Rd1
{[%clk 1:44:00]} Rxd1+ 29. Nxd1 {[%clk 1:44:30]} Qd8 30. Nb2 {[%clk 1:45:00]} Bf6
31. Qxa7 {[%clk 1:45:30]} Bxe2 32. Qf2 {[%clk 1:46:00]} Bh5 33. Qd2 {[%clk
1:46:30]} Qb6+ 34. Qf2 {[%clk 1:47:00]} Qd8 35. Bf3 {[%clk 1:47:30]} Bh4 36. Qg2
{[%clk 1:48:00]} Bxf3 37. Qxf3 {[%clk 1:48:30]} Qg5+ 38. Kh2 {[%clk 1:49:00]} h5
39. Nd1 {[%clk 1:49:30]} f6 40. Qe3 {[%clk 1:50:00]} Qxe3 41. Nxe3 {[%clk
1:50:30]} Bg5 42. Nc2 {[%clk 1:51:00]} Kf7 43. Kg2 {[%clk 1:51:30]} Ke6 44. Kf3
{[%clk 1:52:00]} Bc1 45. Be1 {[%clk 1:52:30]} Bb2 46. Bf2 {[%clk 1:53:00]} f5 47.
Be3 {[%clk 1:53:30]} Kf6 48. h4 {[%clk 1:54:00]} f4 49. Bb6 {[%clk 1:54:30]} Ke7
50. Bc5+ {[%clk 1:55:00]} Kf7 51. Bb6 {[%clk 1:55:30]} Kg7 52. Bc5 {[%clk
1:56:00]} Kf6 53. Bb6 {[%clk 1:56:30]} Bc3 54. Ke2 {[%clk 1:57:00]} Kg7 55. Kf3
{[%clk 1:57:30]} Bb2 56. Bc5 {[%clk 1:58:00]} Kf7 57. Bb6 {[%clk 1:58:30]} Bc3
58. Bc5 {[%clk 1:59:00]} 1/2-1/2

[Event "Helsinki Chess Festival - U20"]
[Site "chess24.com"]
[Date "2019.08.14"]
[Round "1"]
[White "Heimisson, Hilmir Freyr"]
[Black "Liu, Casper"]
[Result "1-0"]
[Board "5"]
[WhiteFideId "2309998"]
[WhiteTitle "FM"]
[WhiteElo "2258"]
[WhiteCountry "ISL"]
[WhiteEloChange "6"]
[BlackElo "2130"]
[BlackCountry "DEN"]
[BlackFideId "1454153"]
[BlackEloChange "-6"]

1. d4 {[%clk 1:30:30]} Nf6 {[%clk 1:30:30]} 2. c4 {[%clk 1:31:00]} g6 {[%clk
1:31:00]} 3. g3 {[%clk 1:31:30]} Bg7 {[%clk 1:31:30]} 4. Bg2 {[%clk 1:32:00]} O-O
{[%clk 1:32:00]} 5. Nc3 {[%clk 1:32:30]} d6 {[%clk 1:32:30]} 6. Nf3 {[%clk
1:33:00]} c6 {[%clk 1:33:00]} 7. O-O {[%clk 1:33:30]} Qa5 {[%clk 1:33:30]} 8. e4
{[%clk 1:34:00]} Qh5 {[%clk 1:34:00]} 9. e5 {[%clk 1:34:30]} dxe5 {[%clk
1:34:30]} 10. dxe5 {[%clk 1:35:00]} Ng4 {[%clk 1:35:00]} 11. Re1 {[%clk 1:35:30]}
Qf5 {[%clk 1:35:30]} 12. Bf4 {[%clk 1:36:00]} Nd7 {[%clk 1:36:00]} 13. Qe2 {[%clk
1:36:30]} f6 {[%clk 1:36:30]} 14. exf6 {[%clk 1:37:00]} exf6 {[%clk 1:37:00]} 15.
Nh4 {[%clk 1:37:30]} Qh5 {[%clk 1:37:30]} 16. Bf3 {[%clk 1:38:00]} Nde5 {[%clk
1:38:00]} 17. Bxe5 {[%clk 1:38:30]} fxe5 {[%clk 1:38:30]} 18. h3 {[%clk 1:39:00]}
Rxf3 {[%clk 1:39:00]} 19. Qxf3 {[%clk 1:39:30]} g5 {[%clk 1:39:30]} 20. Re4
{[%clk 1:40:00]} gxh4 {[%clk 1:40:00]} 21. hxg4 {[%clk 1:40:30]} Qg6 {[%clk
1:40:30]} 22. gxh4 {[%clk 1:41:00]} h5 {[%clk 1:41:00]} 23. g5 {[%clk 1:41:30]}
Bf5 {[%clk 1:41:30]} 24. Re3 {[%clk 1:42:00]} Rf8 {[%clk 1:42:00]} 25. Qg2 {[%clk
1:42:30]} Bd3 {[%clk 1:42:30]} 26. Rd1 {[%clk 1:43:00]} Bxc4 {[%clk 1:43:00]} 27.
b3 {[%clk 1:43:30]} Be6 {[%clk 1:43:30]} 28. Rd6 {[%clk 1:44:00]} Rf4 {[%clk
1:44:00]} 29. Re4 {[%clk 1:44:30]} Qf5 {[%clk 1:44:30]} 30. Rd3 {[%clk 1:45:00]}
Bd5 {[%clk 1:45:00]} 31. Rxf4 {[%clk 1:45:30]} Qxd3 {[%clk 1:45:30]} 32. Nxd5
{[%clk 1:46:00]} exf4 {[%clk 1:46:00]} 33. Nxf4 {[%clk 1:46:30]} Qd1+ {[%clk
1:46:30]} 34. Qf1 {[%clk 1:47:00]} Qg4+ {[%clk 1:47:00]} 35. Ng2 {[%clk 1:47:30]}
Bd4 {[%clk 1:47:30]} 36. Kh2 {[%clk 1:48:00]} Kg7 {[%clk 1:48:00]} 37. f3 {[%clk
1:48:30]} Qf5 {[%clk 1:48:30]} 38. f4 {[%clk 1:49:00]} Qe4 {[%clk 1:49:00]} 39.
Qe1 {[%clk 1:49:30]} Qxe1 {[%clk 1:49:30]} 40. Nxe1 {[%clk 1:50:00]} Bf2 {[%clk
1:50:00]} 41. Nd3 {[%clk 1:50:30]} Bd4 42. f5 {[%clk 1:51:00]} b5 43. Kg2 {[%clk
1:51:30]} c5 44. Nf4 {[%clk 1:52:00]} Kf7 45. Ne6 {[%clk 1:52:30]} Be3 46. Kf3
{[%clk 1:53:00]} Bg1 47. Nc7 {[%clk 1:53:30]} b4 48. Nd5 {[%clk 1:54:00]} Bd4 49.
Kf4 {[%clk 1:54:30]} a5 50. g6+ {[%clk 1:55:00]} Kg7 51. Kg5 {[%clk 1:55:30]} a4
52. f6+ {[%clk 1:56:00]} Bxf6+ 53. Nxf6 {[%clk 1:56:30]} c4 54. Nxh5+ {[%clk
1:57:00]} Kg8 55. Kh6 {[%clk 1:57:30]} 1-0

[Event "Helsinki Chess Festival - U20"]
[Site "chess24.com"]
[Date "2019.08.14"]
[Round "2"]
[White "Askerov, Marat"]
[Black "Liu, Casper"]
[Result "1/2-1/2"]
[Board "1"]
[WhiteFideId "24175200"]
[WhiteTitle "FM"]
[WhiteElo "2327"]
[WhiteCountry "RUS"]
[WhiteEloChange "-5"]
[BlackElo "2130"]
[BlackCountry "DEN"]
[BlackFideId "1454153"]
[BlackEloChange "5"]

1. d4 {[%clk 1:30:30]} Nf6 {[%clk 1:30:30]} 2. c4 {[%clk 1:31:00]} g6 3. g3
{[%clk 1:31:30]} Bg7 4. Bg2 {[%clk 1:32:00]} O-O 5. Nc3 {[%clk 1:32:30]} d6 6.
Nf3 {[%clk 1:20:18]} c6 7. O-O {[%clk 1:20:48]} Qa5 8. h3 {[%clk 1:21:18]} Be6 9.
Qd3 {[%clk 1:21:48]} Qa6 10. b3 {[%clk 1:22:18]} d5 11. Ne5 {[%clk 1:22:48]} Rd8
12. cxd5 {[%clk 1:23:18]} Qxd3 13. Nxd3 {[%clk 1:23:48]} Nxd5 14. Nxd5 {[%clk
1:24:18]} Bxd5 15. e3 {[%clk 1:24:48]} Bxg2 16. Kxg2 {[%clk 1:25:18]} Nd7 17. Ba3
{[%clk 1:25:48]} e5 18. dxe5 {[%clk 1:26:18]} Nxe5 19. Nxe5 {[%clk 1:26:48]} Bxe5
20. Rad1 {[%clk 1:27:18]} Bf6 21. Kf3 {[%clk 1:27:48]} Rxd1 22. Rxd1 {[%clk
1:28:18]} Rd8 23. Rxd8+ {[%clk 1:28:48]} Bxd8 24. g4 {[%clk 1:29:18]} Bh4 25. e4
{[%clk 1:29:48]} f6 26. Bc5 {[%clk 1:30:18]} b6 27. Be3 {[%clk 1:30:48]} Kf7 28.
a4 {[%clk 1:31:18]} c5 29. Bf4 {[%clk 1:31:48]} a6 30. Bc7 {[%clk 1:32:18]} b5
31. Bb6 {[%clk 1:32:48]} c4 32. bxc4 {[%clk 1:33:18]} bxa4 33. Bc5 {[%clk
1:33:48]} f5 34. Ba3 {[%clk 1:34:18]} fxe4+ 35. Kxe4 {[%clk 1:34:48]} Bxf2 36.
Kd5 {[%clk 1:35:18]} Kf6 37. c5 {[%clk 1:35:48]} Bxc5 38. Bxc5 {[%clk 1:36:18]}
Kg5 39. Be7+ {[%clk 1:36:48]} Kf4 40. Bd6+ {[%clk 1:37:18]} Kg5 41. Ke4 {[%clk
1:37:48]} Kh4 42. Kf4 {[%clk 1:38:18]} Kxh3 43. Kf3 {[%clk 1:38:48]} g5 44. Be7
{[%clk 1:39:18]} Kh4 45. Bc5 {[%clk 1:39:48]} a3 46. Bf2+ {[%clk 1:40:18]} Kh3
47. Bd4 {[%clk 1:40:48]} a2 48. Bc3 {[%clk 1:41:18]} 1/2-1/2

[Event "Helsinki Chess Festival - U20"]
[Site "chess24.com"]
[Date "2019.08.14"]
[Round "2"]
[White "Timoshin, Andrei"]
[Black "Heimisson, Hilmir Freyr"]
[Result "1/2-1/2"]
[Board "2"]
[WhiteFideId "4503503"]
[WhiteElo "2154"]
[WhiteCountry "EST"]
[WhiteEloChange "3"]
[BlackFideId "2309998"]
[BlackTitle "FM"]
[BlackElo "2258"]
[BlackCountry "ISL"]
[BlackEloChange "-3"]

1. e4 {[%clk 1:28:29]} c5 {[%clk 1:12:57]} 2. Nf3 {[%clk 1:28:29]} Nc6 {[%clk
1:12:57]} 3. Bb5 {[%clk 1:28:29]} g6 {[%clk 1:12:57]} 4. O-O {[%clk 1:28:29]} Bg7
{[%clk 1:12:57]} 5. c3 {[%clk 1:28:29]} Nf6 {[%clk 1:12:57]} 6. e5 {[%clk
1:28:29]} Nd5 {[%clk 1:12:57]} 7. d4 {[%clk 1:28:29]} Nc7 {[%clk 1:12:57]} 8. Ba4
{[%clk 1:28:29]} O-O {[%clk 1:12:57]} 9. Bg5 {[%clk 1:28:29]} cxd4 {[%clk
1:12:57]} 10. cxd4 {[%clk 1:28:29]} d6 {[%clk 1:12:57]} 11. Nc3 {[%clk 1:28:29]}
Bg4 {[%clk 1:12:57]} 12. Bxc6 {[%clk 1:28:29]} bxc6 {[%clk 1:12:57]} 13. h3
{[%clk 1:28:29]} Bxf3 {[%clk 1:12:57]} 14. Qxf3 {[%clk 1:28:29]} Ne6 {[%clk
1:12:57]} 15. Be3 {[%clk 1:28:29]} dxe5 {[%clk 1:12:57]} 16. dxe5 {[%clk
1:28:29]} Bxe5 {[%clk 1:12:57]} 17. Qxc6 {[%clk 1:28:29]} Qa5 {[%clk 1:12:57]}
18. Nd5 {[%clk 1:28:29]} Bd6 {[%clk 1:12:57]} 19. Rfd1 {[%clk 1:28:29]} Rab8
{[%clk 1:12:57]} 20. b3 {[%clk 1:28:29]} Rfd8 {[%clk 1:12:57]} 21. Rd2 {[%clk
1:28:29]} Rxb3 {[%clk 1:12:57]} 22. Rad1 {[%clk 1:28:29]} Rbb8 {[%clk 1:12:57]}
23. Qc4 {[%clk 1:28:29]} Rb7 {[%clk 1:12:57]} 24. Qh4 {[%clk 1:28:29]} Rdb8
{[%clk 1:12:57]} 25. Nf6+ {[%clk 1:28:29]} exf6 {[%clk 1:12:57]} 26. Rxd6 {[%clk
1:28:29]} Qe5 {[%clk 1:12:57]} 27. R6d5 {[%clk 1:28:29]} Qc3 {[%clk 0:02:11]} 28.
R5d3 {[%clk 0:09:07]} Qc2 {[%clk 0:02:22]} 29. R3d2 {[%clk 0:08:30]} Qc3 {[%clk
0:02:42]} 30. Rd3 {[%clk 0:08:21]} Qe5 {[%clk 0:02:41]} 31. Rd5 {[%clk 0:07:42]}
Rb1 {[%clk 0:01:03]} 32. Rxe5 {[%clk 0:07:42]} Rxd1+ {[%clk 0:01:32]} 33. Kh2
{[%clk 0:08:09]} fxe5 {[%clk 0:01:57]} 34. Bxa7 {[%clk 0:07:31]} Ra8 {[%clk
0:01:57]} 35. Qe7 {[%clk 0:06:57]} Ra1 {[%clk 0:00:43]} 36. Qb7 {[%clk 0:05:55]}
Rd8 {[%clk 0:01:01]} 37. Qb2 {[%clk 0:05:38]} Re1 {[%clk 0:01:02]} 38. a4 {[%clk
0:03:15]} Rdd1 {[%clk 0:01:01]} 39. Be3 {[%clk 0:03:30]} Rh1+ {[%clk 0:00:54]}
40. Kg3 {[%clk 0:33:55]} Rd5 {[%clk 0:30:44]} 41. Qb7 {[%clk 0:28:32]} Rd8 {[%clk
0:31:14]} 42. a5 {[%clk 0:28:32]} Nd4 {[%clk 0:31:44]} 43. a6 {[%clk 0:28:32]}
Nf5+ {[%clk 0:32:14]} 44. Kf3 {[%clk 0:28:32]} Nxe3 {[%clk 0:32:44]} 45. fxe3
{[%clk 0:28:32]} Rc1 {[%clk 0:33:14]} 46. a7 {[%clk 0:28:32]} Rcc8 {[%clk
0:33:44]} 47. g4 {[%clk 0:28:32]} Kg7 {[%clk 0:34:14]} 48. g5 {[%clk 0:28:32]} h5
{[%clk 0:34:44]} 49. gxh6+ {[%clk 0:28:32]} Kxh6 {[%clk 0:35:14]} 50. Kg4 {[%clk
0:28:32]} f5+ {[%clk 0:35:44]} 51. Kf3 {[%clk 0:28:32]} Rh8 {[%clk 0:36:14]} 52.
h4 {[%clk 0:28:32]} Rce8 {[%clk 0:36:44]} 53. Qc7 {[%clk 0:28:32]} Rh7 {[%clk
0:37:14]} 54. Qc6 {[%clk 0:28:32]} Rhh8 {[%clk 0:37:44]} 55. Kg3 {[%clk 0:28:32]}
Rhg8 {[%clk 0:38:14]} 56. Qf6 {[%clk 0:28:32]} Ra8 {[%clk 0:38:44]} 57. Qe7
{[%clk 0:28:32]} Rg7 {[%clk 0:39:14]} 58. Qxe5 {[%clk 0:28:32]} Raxa7 {[%clk
0:39:44]} 59. Qe8 {[%clk 0:28:32]} Kh7 {[%clk 0:40:14]} 60. Kf3 {[%clk 0:28:32]}
Rae7 {[%clk 0:40:44]} 61. Qf8 {[%clk 0:28:32]} Rgf7 {[%clk 0:41:14]} 62. Qc8
{[%clk 0:28:32]} Rf6 {[%clk 0:41:44]} 63. Kf4 {[%clk 0:28:32]} Re4+ {[%clk
0:42:14]} 64. Kf3 {[%clk 0:28:32]} Rfe6 {[%clk 0:42:44]} 65. h5 {[%clk 0:28:32]}
Rxe3+ {[%clk 0:43:14]} 66. Kf4 {[%clk 0:28:32]} R3e4+ {[%clk 0:43:44]} 67. Kf3
{[%clk 0:28:32]} gxh5 {[%clk 0:44:14]} 68. Qf8 {[%clk 0:28:32]} f4 {[%clk
0:44:44]} 69. Qf7+ {[%clk 0:28:32]} Kh6 {[%clk 0:45:14]} 70. Qf8+ {[%clk
0:28:32]} Kg5 {[%clk 0:45:44]} 71. Qd8+ {[%clk 0:28:32]} Kf5 {[%clk 0:46:14]} 72.
Qf8+ {[%clk 0:28:32]} Rf6 {[%clk 0:46:44]} 73. Qc8+ {[%clk 0:28:32]} Ree6 {[%clk
0:47:14]} 74. Qd7 {[%clk 0:28:32]} Kg5 {[%clk 0:47:44]} 75. Qd5+ {[%clk 0:28:32]}
Kh4 {[%clk 0:48:14]} 76. Qd8 {[%clk 0:28:32]} Kg5 {[%clk 0:48:44]} 77. Qg8+
{[%clk 0:28:32]} Rg6 {[%clk 0:49:14]} 78. Qd8+ {[%clk 0:28:32]} Ref6 {[%clk
0:49:44]} 79. Qh8 {[%clk 0:28:32]} h4 {[%clk 0:50:14]} 80. Qc8 {[%clk 0:28:32]}
Re6 {[%clk 0:50:44]} 81. Qd8+ {[%clk 0:28:32]} Kh5 {[%clk 0:51:14]} 82. Qh8+
{[%clk 0:28:32]} Rh6 {[%clk 0:51:44]} 83. Qg8 {[%clk 0:28:32]} Rhg6 {[%clk
0:52:14]} 84. Qh8+ {[%clk 0:28:32]} Kg5 {[%clk 0:52:44]} 85. Qd8+ {[%clk
0:28:32]} Rgf6 {[%clk 0:53:14]} 86. Qh8 {[%clk 0:28:32]} Rf5 {[%clk 0:53:44]} 87.
Qd8+ {[%clk 0:28:32]} Rff6 {[%clk 0:54:14]} 88. Qh8 {[%clk 0:28:32]} Rf7 {[%clk
0:54:44]} 89. Qd8+ {[%clk 0:28:32]} Rff6 {[%clk 0:55:14]} 90. Qg8+ {[%clk
0:28:32]} Kf5 {[%clk 0:55:44]} 91. Qg4+ {[%clk 0:28:32]} Ke5 {[%clk 0:56:14]} 92.
Qxh4 {[%clk 0:28:32]} Rc6 {[%clk 0:56:44]} 93. Qe1+ {[%clk 0:28:32]} 1/2-1/2